• 首页
  • 本馆介绍
  • 公告通知
  • 最新文献
  • 馆藏检索
  • 电子资源
  • 读者导购
  • 参考咨询
  • 我的图书馆
  • 登录
  • 详细信息显示
  • 放入我的书架
  • 预约/预借图书
  • 作者相关作品
  • 分类相关作品
  • 丛书相关作品
  • 出版社相关作品

书目信息

  • 表格格式
  • 工作单格式
  • 卡片格式
题名:
中外童声合唱歌曲50首
    
 
作者: ;中国合唱协会 编
分册:  
出版信息: 北京   人民音乐出版社  1997
页数: 311页
开本: 28cm
丛书名:
单 册:
中图分类: J652.6
科图分类:
主题词: 儿童歌曲--合唱--世界--选集 , 儿童歌曲 , 合唱
电子资源:
ISBN: 7-103-01475-2
000 00669nam0 2200229 450
001 1254262995
005 20121019160046.76
010    @a7-103-01475-2@dCNY36.30
100    @a19980709d1997 cdmy0chiy0110 ea
101 1  @achi@cmul
102    @aCN@b110000
105    @ag z 000yy
200 1  @a中外童声合唱歌曲50首@Azhong wai tong sheng he chang ge qu 50 shou@f中国合唱协会编
210    @a北京@c人民音乐出版社@d1997
215    @a311页@d28cm
606 0  @a儿童歌曲@x合唱@y世界@x选集
606 0  @a儿童歌曲
606 0  @a合唱
690    @aJ652.6@v3
711 02 @a中国合唱协会@Azhong guo he chang xie hui@4编
801  0 @aCN@bNLC@c20101222
905    @a10447@dJ652.6@eJY95
    
    中外童声合唱歌曲50首/中国合唱协会编.-北京:人民音乐出版社,1997
    311页;28cm
    
    
    ISBN 7-103-01475-2:CNY36.30
    
●
相关链接 在E读中查询图书 在五车中查询图书 在当当中查询图书 在豆瓣中查询图书


正题名:中外童声合唱歌曲50首     索取号:J652.6/JY95         预约/预借

序号 登录号 条形码 馆藏地/架位号 状态 备注
1 7834051   278340519   学院路分馆/ [索取号:J652.6/JY95] 在馆    
2 7834146   278341466   学院路分馆/ [索取号:J652.6/JY95] 在馆    
唐山师范学院图书馆 欢迎您!
大连网信软件有限公司© 版权所有